000 00307nam a22001457a 4500
008 230516b ||||| |||| 00| 0 eng d
020 _a9780300093063
041 _aeng
080 _a781
082 _a781TOM
100 _a21
101 _aMUZIK
245 _aPIANO ROLES
_cTOMMASINI.A
942 _2udc
_cBK
999 _c59740
_d59740